000 01094nac a22003011i 4500
003 EG-ScBUE
005 20241111103306.0
008 241111t1998 caua f b 001 0 eng d
020 _a0534351875 (alk. paper)
020 _a9780534351878
040 _aEG-ScBUE
_beng
_erda
_cEG-ScBUE
_dEG-ScBUE
082 0 4 _a519.4
_bFAI
_222
100 1 _aFaires, J. Douglas,
_eauthor.
245 1 0 _aNumerical methods /
_cJ. Douglas Faires, Youngstown State University, Richard Burden, Youngstown State University.
250 _aSecond edition.
264 1 _aPacific Grove, CA :
_bBrooks/Cole Publishing Company,
_c[1998]
264 4 _cc1998
300 _axi, 594 pages :
_billustrations (some color) ;
_c25 cm
336 _2rdacontent
_atext
_btxt
337 _aunmediated
_2rdamedia
_bn
338 _avolume
_bnc
_2rdacarrier
504 _aIncludes bibliographical references and index.
538 _aSystem requirements for accompanying computer disk: MS-DOS.
650 7 _aNumerical analysis.
_2BUEsh
655 _vReading book
700 1 _aBurden, Richard L.,
_eauthor.
942 _cBB
_2ddc
999 _c1687
_d1687